Математические методы регионального программирования

Dades bibliogràfiques
Autor principal: Хачатуров В. Р. Владимир Рубенович
Sumari:Исключено из фонда НТБ ТПУ
Idioma:rus
Publicat: Москва, Наука, 1989
Col·lecció:Экономико-математическая библиотека
Format: MixedMaterials Llibre
KOHA link:https://koha.lib.tpu.ru/cgi-bin/koha/opac-detail.pl?biblionumber=114315

MARC

LEADER 00000nam0a2200000 4500
001 114315
005 20231031122218.0
035 |a (RuTPU)RU\TPU\book\123618 
090 |a 114315 
100 |a 20070420d1989 k y0rusy50 ca 
101 0 |a rus 
102 |a RU 
105 |a a z 001zy 
200 1 |a Математические методы регионального программирования  |f В. Р. Хачатуров 
210 |a Москва  |c Наука  |d 1989 
215 |a 304 с.  |c ил. 
225 1 |a Экономико-математическая библиотека 
320 |a Библиогр.: с. 290-297. 
333 |a Исключено из фонда НТБ ТПУ 
700 1 |a Хачатуров  |b В. Р.  |g Владимир Рубенович 
801 1 |a RU  |b 63413507  |c 20070420  |g PSBO 
801 2 |a RU  |b 63413507  |c 20170130  |g PSBO 
942 |c BK